Welcome to CU Library Online Public Access Catalogue (OPAC)

THE BOOK OF JEREMIAH; (Record no. 6761)

MARC details
000 -LEADER
fixed length control field 00371nam a22001457a 4500
005 - DATE AND TIME OF LATEST TRANSACTION
control field 20250628123803.0
008 - FIXED-LENGTH DATA ELEMENTS--GENERAL INFORMATION
fixed length control field 250628b |||||||| |||| 00| 0 eng d
020 ## - INTERNATIONAL STANDARD BOOK NUMBER
International Standard Book Number 9780802825308
050 ## - LIBRARY OF CONGRESS CALL NUMBER
Classification number BS1525
100 ## - MAIN ENTRY--PERSONAL NAME
Personal name THOMPSON J.A.
245 ## - TITLE STATEMENT
Title THE BOOK OF JEREMIAH;
260 ## - PUBLICATION, DISTRIBUTION, ETC.
Place of publication, distribution, etc. MICHIGAN
Name of publisher, distributor, etc. W. B.EERDMANS PUBLISHING Co.
Date of publication, distribution, etc. c1980
300 ## - PHYSICAL DESCRIPTION
Extent xii, 819p
942 ## - ADDED ENTRY ELEMENTS (KOHA)
Source of classification or shelving scheme Library of Congress Classification
Koha item type Books
Suppress in OPAC No
999 ## -
-- 6761
-- 6761
Holdings
Withdrawn status Lost status Source of classification or shelving scheme Damaged status Not for loan Collection Home library Current library Shelving location Date acquired Total checkouts Full call number Barcode Date last seen Copy number Price effective from Koha item type
    Library of Congress Classification     Non-fiction Undergraduate Library (Christ Temple) Undergraduate Library (Christ Temple) General stacks 06/28/2025   BS1525.3 THO ulct00003615 06/28/2025 1 06/07/2025 Books
© 2023-2024 Copyright: Central University Libraries. All Rights Reserved | Created by: Mahone Tech Office